Diseño, construcción y experimentación en columnas de pared húmeda.
Guardat en:
| Autor principal: | |
|---|---|
| Altres autors: | |
| Format: | Desconegut |
| Publicat: |
[San José, Costa Rica]
1970
|
| Matèries: | |
| Etiquetes: |
Afegir etiqueta
Sense etiquetes, Sigues el primer a etiquetar aquest registre!
|
MARC
| LEADER | 00000 a2200000 4500 | ||
|---|---|---|---|
| 003 | 011234 | ||
| 005 | 20221231143811.0 | ||
| 008 | 140114s1970 c a m 000 ||s d | ||
| 040 | |c cru CEDI | ||
| 090 | |a TFG 289 | ||
| 100 | |a Morice T, Rafael Eduardo |9 17692 | ||
| 245 | |a Diseño, construcción y experimentación en columnas de pared húmeda. | ||
| 260 | |c 1970 |a [San José, Costa Rica] | ||
| 300 | |a 84 hojas : cuadros, gráficos ; 28 cm | ||
| 500 | |a Tesis (Ingeniero químico) Universidad de Costa Rica. | ||
| 650 | |x TRANSFERENCIA DE MASA |9 17694 | ||
| 700 | |9 17693 |a Salazar R, Jorge Arturo | ||
| 942 | |c TFG | ||
| 999 | |c 12191 |d 12191 | ||
